<?xml version="1.0" encoding="UTF-8"?>
<record
    xmlns:xsi="http://www.w3.org/2001/XMLSchema-instance"
    xsi:schemaLocation="http://www.loc.gov/MARC21/slim http://www.loc.gov/standards/marcxml/schema/MARC21slim.xsd"
    xmlns="http://www.loc.gov/MARC21/slim">

  <leader>00642cam a22002412i 4500</leader>
  <controlfield tag="001">CIP113000864</controlfield>
  <controlfield tag="003">YEEZEN</controlfield>
  <controlfield tag="005">20241226145806.0</controlfield>
  <controlfield tag="008">240115s2024    ch     e      000 0 chi d</controlfield>
  <datafield tag="020" ind1=" " ind2=" ">
    <subfield code="a">9786263900356</subfield>
    <subfield code="q">(&#x5E73;&#x88DD;) :</subfield>
    <subfield code="c">NT$400</subfield>
  </datafield>
  <datafield tag="040" ind1=" " ind2=" ">
    <subfield code="a">CIP</subfield>
    <subfield code="b">chi</subfield>
    <subfield code="c">CIP</subfield>
  </datafield>
  <datafield tag="042" ind1=" " ind2=" ">
    <subfield code="a">nbic</subfield>
  </datafield>
  <datafield tag="084" ind1=" " ind2=" ">
    <subfield code="a">412.21</subfield>
    <subfield code="2">ncsclt</subfield>
  </datafield>
  <datafield tag="086" ind1=" " ind2=" ">
    <subfield code="a">412.21</subfield>
  </datafield>
  <datafield tag="090" ind1=" " ind2=" ">
    <subfield code="a">412.21</subfield>
  </datafield>
  <datafield tag="245" ind1="1" ind2="0">
    <subfield code="a">&#x91AB;&#x7642;&#x6A5F;&#x69CB;&#x4E0D;&#x5F97;&#x4E0D;&#x77E5;&#x7684;&#x6CD5;&#x5F8B;&#x98A8;&#x96AA; /</subfield>
    <subfield code="c">&#x53EF;&#x9053;&#x5F8B;&#x5E2B;&#x4E8B;&#x52D9;&#x6240;&#x7DE8;&#x8457;</subfield>
  </datafield>
  <datafield tag="250" ind1=" " ind2=" ">
    <subfield code="a">&#x521D;&#x7248;</subfield>
  </datafield>
  <datafield tag="260" ind1=" " ind2=" ">
    <subfield code="a">&#x81FA;&#x5317;&#x5E02; :</subfield>
    <subfield code="b">&#x5546;&#x5468;, </subfield>
    <subfield code="c">2024.02</subfield>
  </datafield>
  <datafield tag="300" ind1=" " ind2=" ">
    <subfield code="a">&#x9762; ;</subfield>
    <subfield code="c">&#x516C;&#x5206;</subfield>
  </datafield>
  <datafield tag="650" ind1=" " ind2="7">
    <subfield code="2">lcstt</subfield>
    <subfield code="a">&#x91AB;&#x4E8B;&#x6CD5;&#x898F;</subfield>
  </datafield>
  <datafield tag="650" ind1=" " ind2="7">
    <subfield code="2">lcstt</subfield>
    <subfield code="a">&#x91AB;&#x7642;&#x6A5F;&#x69CB;</subfield>
  </datafield>
  <datafield tag="942" ind1=" " ind2=" ">
    <subfield code="2">ccl</subfield>
    <subfield code="c">BOOK</subfield>
  </datafield>
  <datafield tag="999" ind1=" " ind2=" ">
    <subfield code="c">7626</subfield>
    <subfield code="d">7626</subfield>
  </datafield>
  <datafield tag="952" ind1=" " ind2=" ">
    <subfield code="0">0</subfield>
    <subfield code="1">0</subfield>
    <subfield code="2">ccl</subfield>
    <subfield code="4">0</subfield>
    <subfield code="7">0</subfield>
    <subfield code="a">yeezen</subfield>
    <subfield code="b">yeezen</subfield>
    <subfield code="c">YEEZEN</subfield>
    <subfield code="d">2024-12-26</subfield>
    <subfield code="l">1</subfield>
    <subfield code="o">412.21</subfield>
    <subfield code="p">C03210</subfield>
    <subfield code="r">2025-02-19 00:00:00</subfield>
    <subfield code="s">2025-02-06</subfield>
    <subfield code="w">2024-12-26</subfield>
    <subfield code="y">BOOK</subfield>
    <subfield code="z">&#x91AB;&#x7642;&#x76F8;&#x95DC;&#x5F9E;&#x696D;&#x4EBA;&#x54E1;&#x5FC5;&#x770B;:&#x5F9E;&#x904E;&#x5F80;&#x5224;&#x6C7A;,&#x6D1E;&#x6089;&#x98A8;&#x96AA;&#x89F8;&#x767C;&#x56E0;&#x5B50;,&#x6642;&#x523B;&#x7559;&#x610F;,&#x907F;&#x514D;&#x9677;&#x5165;&#x7CFE;&#x7D1B;&#x3002; &#x91AB;&#x7642;&#x6A5F;&#x69CB;&#x7D93;&#x71DF;&#x8005;&#x5FC5;&#x5099;:&#x638C;&#x63E1;&#x91AB;&#x7642;&#x6CD5;&#x3001;&#x91AB;&#x4E8B;&#x6CD5;&#x3001;&#x52DE;&#x57FA;&#x6CD5;&#x7B49;&#x76F8;&#x95DC;&#x6CD5;&#x5F8B;&#x898F;&#x5B9A;,&#x4E0D;&#x518D;&#x8AA4;&#x89F8;&#x6CD5;&#x898F;,&#x5F71;&#x97FF;&#x71DF;&#x696D;&#x7E3E;&#x6548;&#x3002; &#x8EAB;&#x9677;&#x91AB;&#x7642;&#x7CFE;&#x7D1B;&#x5B98;&#x53F8;&#x8005;&#x5FC5;&#x8CB7;:&#x7406;&#x89E3;&#x6CD5;&#x5B98;&#x5224;&#x6C7A;&#x7684;&#x601D;&#x8003;&#x8DEF;&#x5F91;,&#x627E;&#x5230;&#x65BC;&#x5DF1;&#x6709;&#x5229;&#x7684;&#x8490;&#x8B49;&#x65B9;&#x5411;&#x3002;</subfield>
  </datafield>
</record>
